000
00277nam a22001217a 4500
008
181218b xxu||||| |||| 00| 0 eng d
041
_a
eng
080
_2
5th
_a
820
100
_a
21
101
_a
GJL
245
_a
Interpreting Literature
_c
Knickerbrocker,K.L
942
_2
udc
_c
BK
999
_c
53479
_d
53479